Влияние условий синтеза органических соединений из окиси углерода и водяного пара на селективность работы кобальт-ториевого катализатора; Известия Томского политехнического института [Известия ТПИ]; Т. 216 : Вопросы геологии и освоения нефтяных и газовых месторождений Томской области

Podrobná bibliografie
Parent link:Известия Томского политехнического института [Известия ТПИ]/ Томский политехнический институт (ТПИ).— , 1944-1976
Т. 216 : Вопросы геологии и освоения нефтяных и газовых месторождений Томской области.— 1971.— [С. 93-98]
Hlavní autor: Смольянинов С. И. Станислав Иванович
Další autoři: Кравцов А. В. Анатолий Васильевич, Яцко В. Н.
Shrnutí:Заглавие с титульного листа
Электронная версия печатной публикации
Jazyk:ruština
Vydáno: 1971
Témata:
On-line přístup:Черно-белая версия для предварительного просмотра
Цветная версия без потери качества
Médium: MixedMaterials Elektronický zdroj Kapitola
KOHA link:https://koha.lib.tpu.ru/cgi-bin/koha/opac-detail.pl?biblionumber=225498

MARC

LEADER 00000nla2a2200000 4500
001 225498
005 20231031200956.0
035 |a (RuTPU)RU\TPU\book\245844 
035 |a RU\TPU\book\245842 
090 |a 225498 
100 |a 20121112d1971 k y0rusy50 ca 
101 0 |a rus 
102 |a RU 
135 |a drnn ---uucaa 
181 0 |a i  
182 0 |a b 
200 1 |a Влияние условий синтеза органических соединений из окиси углерода и водяного пара на селективность работы кобальт-ториевого катализатора  |b Электронный ресурс  |f С. И. Смольянинов, А. В. Кравцов, В. Н. Яцко 
203 |a Текст  |c электронный 
215 |a 2 файла (293 Кб, 9.2 Мб) 
230 |a Электронные текстовые данные (2 файла : 293 Кб, 9.2 Мб) 
300 |a Заглавие с титульного листа 
300 |a Электронная версия печатной публикации 
320 |a [Библиогр.: с. 98 (18 назв.)] 
337 |a Adobe Reader 
461 1 |0 (RuTPU)RU\TPU\book\200995  |t Известия Томского политехнического института [Известия ТПИ]  |f Томский политехнический институт (ТПИ)  |d 1944-1976 
463 1 |0 (RuTPU)RU\TPU\book\245755  |t Т. 216 : Вопросы геологии и освоения нефтяных и газовых месторождений Томской области  |v [С. 93-98]  |d 1971  |p 100 с. 
610 1 |a электронный ресурс 
610 1 |a труды учёных ТПУ 
700 1 |a Смольянинов  |b С. И.  |c российский химик-технолог  |c профессор Томского политехнического университета  |f 1925-1991  |g Станислав Иванович  |2 stltpush  |3 (RuTPU)RU\TPU\pers\15849 
701 1 |a Кравцов  |b А. В.  |c химик-технолог  |c профессор-консультант Томского политехнического университета, доктор технических наук  |f 1938-2012  |g Анатолий Васильевич  |2 stltpush  |3 (RuTPU)RU\TPU\pers\19827 
701 1 |a Яцко  |b В. Н. 
801 1 |a RU  |b 63413507  |c 20090320  |g PSBO 
801 2 |a RU  |b 63413507  |c 20130218  |g PSBO 
856 4 |u http://www.lib.tpu.ru/fulltext/v/Bulletin_TPU/1971/v216/22_bw.pdf  |z Черно-белая версия для предварительного просмотра 
856 4 |u http://www.lib.tpu.ru/fulltext/v/Bulletin_TPU/1971/v216/22_full.pdf  |z Цветная версия без потери качества 
942 |c CF